Bienvenue à la E-Bibliothèque de l’UEH

Bénéficiez l'accès à des milliers de ressources en ligne

(Re)construire l'expérience musicale : (notice nᵒ 15077)

détails MARC
000 -LEADER
fixed length control field 03042 a2200325 4500
001 - CONTROL NUMBER
control field OB-bibpompidou-3433
003 - CONTROL NUMBER IDENTIFIER
control field FrMaCLE
005 - DATE AND TIME OF LATEST TRANSACTION
control field 20251214082836.0
007 - PHYSICAL DESCRIPTION FIXED FIELD--GENERAL INFORMATION
fixed length control field cu ||||||m||||
008 - FIXED-LENGTH DATA ELEMENTS--GENERAL INFORMATION
fixed length control field 251127e||||||||xx |||||s|||||||||0|fr|d
020 ## - INTERNATIONAL STANDARD BOOK NUMBER
International Standard Book Number 978-2-84246-238-3
024 7# - OTHER STANDARD IDENTIFIER
Standard number or code 10.4000/158fl
Source of number or code doi
040 ## - CATALOGING SOURCE
Original cataloging agency FR-FrMaCLE
041 ## - LANGUAGE CODE
Language code of text/sound track or separate title fra
100 1# - MAIN ENTRY--PERSONAL NAME
Personal name Le Quéau, Pierre
245 10 - TITLE STATEMENT
Title (Re)construire l'expérience musicale :
Remainder of title Enquête sur les formes et les effets de la présence de la musique en bibliothèque /
Statement of responsibility, etc. Pierre Le Quéau, Olivier Zerbib.
260 ## - PUBLICATION, DISTRIBUTION, ETC.
Place of publication, distribution, etc. Paris :
Name of publisher, distributor, etc. Éditions de la Bibliothèque publique d’information,
Date of publication, distribution, etc. 2025.
300 ## - PHYSICAL DESCRIPTION
Extent 160 p.
500 ## - GENERAL NOTE
General note Ebook
520 ## - SUMMARY, ETC.
Summary, etc. Depuis le milieu des années 2000, le développement des plateformes numériques d’écoute musicale et les pratiques nouvelles qui en ont découlé ont bouleversé l’activité des bibliothèques, confrontées à la désaffection massive des usagers pour leur offre musicale.Comment les bibliothèques se sont-elles adaptées à ces mutations extrêmement rapides ? Quels sont les effets des nouvelles activités musicales qu’elles ont déployées sur leur place dans l’écosystème culturel et politique local ? Qui sont celles et ceux qui empruntent des CD, streament de la musique en ligne, ou assistent à des concerts en bibliothèque ?À partir de l’étude de six bibliothèques impliquées dans la valorisation de la musique et évoluant dans des contextes institutionnels, sociaux et économiques différents et d’une enquête quantitative conduite auprès de plus de 1 000 établissements, les sociologues Pierre Le Quéau et Olivier Zerbib proposent un état des lieux des réflexions et des expérimentations en cours. Ils identifient des pistes permettant de redéfinir la place des bibliothèques dans le domaine de la musique et les façons dont elles peuvent innover en marge des évolutions technologiques qui marquent le secteur musical.En effet, malgré des disparités territoriales, les bibliothèques contemporaines se révèlent être des espaces qui permettent aux usagers de « musiquer », c’est-à-dire de vivre une expérience culturelle de partage différente de ce que proposent les plateformes numériques et qui diversifie les formes de la relation à la musique. Les réponses apportées par les professionnels aux transformations du secteur autant que l’évolution des pratiques de leurs publics invitent plus largement à réfléchir à nouveaux frais à la place qu’occupent les bibliothèques dans l’écosystème culturel et éducatif de leur territoire.
540 ## - TERMS GOVERNING USE AND REPRODUCTION NOTE
Terms governing use and reproduction CC-BY-NC-SA-4.0
Uniform Resource Identifier <a href="https://creativecommons.org/licenses/by-nc-sa/4.0/">https://creativecommons.org/licenses/by-nc-sa/4.0/</a>
650 #4 - SUBJECT ADDED ENTRY--TOPICAL TERM
Topical term or geographic name entry element Music
Topical term or geographic name entry element Library, Information & Communication sciences
Topical term or geographic name entry element musique
Topical term or geographic name entry element bibliothèques
Topical term or geographic name entry element sociologie
700 1# - ADDED ENTRY--PERSONAL NAME
Personal name Zerbib, Olivier
776 ## - ADDITIONAL PHYSICAL FORM ENTRY
International Standard Book Number 978-2-37546-149-5
856 4# - ELECTRONIC LOCATION AND ACCESS
Data provenance Le Quéau, Pierre
Uniform Resource Identifier <a href="https://books.openedition.org/bibpompidou/3433">https://books.openedition.org/bibpompidou/3433</a>
Link text (Re)construire l'expérience musicale

Pas d'exemplaire disponible.

Bibliothèque universitaire de l'UEH
Portail centralisé donnant accès au catalogue, aux ressources numériques et aux productions scientifiques de l’Université d’État d’Haïti.

Plateformes institutionnelles

  • Dépôt institutionnel UEH
  • Revues scientifiques UEH
  • GED institutionnelle
  • UEH enseignement à distance

Contact

  • Adresse : 21 Rue Rivière, Port-au-Prince
  • Email : bibliotheque@ueh.edu.ht
  • Téléphone : +509 22-45-68-43 / 22-45-68-44
  • Heures : Lundi–Vendredi 8h–16h
© 2026 UEH – E-Bibliothèque de l’Université d’État d’Haïti | À propos | Confidentialité | Conditions | Mentions légales | Accessibilité | Plan du site | Contact